Cities in Turkey - Statistics

General Stats
  • This quiz has been taken 58 times
  • The average score is 53 of 81
Answer Stats
Answer % Correct
Ankara
94%
Istanbul
94%
İzmir
92%
Adana
88%
Antalya
88%
Edirne
85%
Trabzon
85%
Konya
83%
Rize
83%
Bursa
81%
Gaziantep
81%
Van
81%
Kars
79%
Samsun
79%
Hatay
77%
Zonguldak
77%
Çanakkale
75%
Diyarbakır
75%
Kahramanmaraş
75%
Muğla
73%
Ordu
73%
Şanlıurfa
73%
Amasya
71%
Ardahan
71%
Çorum
71%
Adiyaman
69%
Denizli
69%
Mersin
69%
Tekirdağ
69%
Artvin
67%
Balıkesir
67%
Batman
67%
Eskişehir
67%
Kırklareli
67%
Mardin
67%
Ağrı
65%
Burdur
65%
Erzurum
65%
Giresun
65%
Kayseri
65%
Kocaeli
65%
Sinop
65%
Bolu
63%
Elazığ
63%
Iğdır
63%
Kilis
63%
Malatya
63%
Osmaniye
63%
Afyonkarahisar
60%
Bartın
60%
Çankırı
60%
Gümüşhane
58%
Hakkari
58%
Kırıkkale
58%
Nevşehir
58%
Tokat
58%
Yalova
58%
Erzincan
56%
Kastamonu
56%
Kırşehir
56%
Yozgat
56%
Aydın
54%
Düzce
54%
Isparta
54%
Manisa
54%
Sakarya
54%
Sivas
54%
Uşak
54%
Kütahya
52%
Muş
52%
Siirt
52%
Karabük
50%
Tunceli
50%
Aksaray
48%
Bitlis
48%
Karaman
48%
Şırnak
48%
Niğde
46%
Bayburt
44%
Bilecik
44%
Bingöl
44%
No matching quizzes found
Score Distribution
Percent of People with Each Score
Percentile by Number Answered
Your Score History
You have not taken this quiz